Predikcia dát pomocou RBF siete

Guardado en:
Detalles Bibliográficos
Autor principal: Lörinc, Marek (Autor)
Otros Autores: Oravec, Miloš, 1967- (Orientador)
Formato: Manuscrito Libro
Lenguaje:eslovaco
Publicado: Bratislava : STU v Bratislave FEI, 2003
Materias:
Etiquetas: Agregar Etiqueta
Sin Etiquetas, Sea el primero en etiquetar este registro!

MARC

LEADER 00000ntm a22000003a 4500
001 stu81045
005 20160719164730.1
008 030618s2003------------------------slo-d
040 |a STU  |b slo 
041 0 |a slo 
100 1 |a Lörinc, Marek  |4 aut 
245 1 |a Predikcia dát pomocou RBF siete 
260 |a Bratislava :  |b STU v Bratislave FEI,  |c 2003 
300 |a 57 s 
650 7 |a Telekomunikácie  |2 stusub 
700 1 |a Oravec, Miloš,  |d 1967-  |4 ths  |u E240  |U FEI Fakulta elektrotechniky a informatiky  |T FEI Katedra telekomunikácií  |X 2036  |U E240  |Y 72  |7 A000002036